Ռամկական մրմունջներ / (Record no. 111975)
[ view plain ]
| 000 -LEADER | |
|---|---|
| fixed length control field | 00940nam a2200217 a 4500 |
| 001 - CONTROL NUMBER | |
| control field | 000303857 |
| 003 - CONTROL NUMBER IDENTIFIER | |
| control field | AM-YeHGA |
| 005 - DATE AND TIME OF LATEST TRANSACTION | |
| control field | 20250618071943.0 |
| 008 - FIXED-LENGTH DATA ELEMENTS--GENERAL INFORMATION | |
| fixed length control field | 040128s1985 ai 000 | arm d |
| 040 ## - CATALOGING SOURCE | |
| Original cataloging agency | AM-YeHGA |
| 041 0# - LANGUAGE CODE | |
| Language code of text/sound track or separate title | arm |
| Language code of original | rus |
| 090 ## - LOCALLY ASSIGNED LC-TYPE CALL NUMBER (OCLC); LOCAL CALL NUMBER (RLIN) | |
| -- | 113313 |
| 100 1# - MAIN ENTRY--PERSONAL NAME | |
| Personal name | Բրուտյան, Արշակ Հովհաննեսի, |
| Dates associated with a name | 1864-1936 |
| 9 (RLIN) | 1809 |
| 245 10 - TITLE STATEMENT | |
| Title | Ռամկական մրմունջներ / |
| Statement of responsibility, etc. | Ա. Բրուտյան.; Առաջաբան, ծանոթագրություններ և խմբագիր՝ Ա. Բրուտյան. |
| 260 ## - PUBLICATION, DISTRIBUTION, ETC. | |
| Place of publication, distribution, etc. | Երևան : |
| Name of publisher, distributor, etc. | <<Սովետական գրող>>, |
| Date of publication, distribution, etc. | 1985. |
| 300 ## - PHYSICAL DESCRIPTION | |
| Extent | 240 էջ : |
| Other physical details | 1թ. դիմանկ., նոտա ; |
| Dimensions | 27 սմ. |
| 504 ## - BIBLIOGRAPHY, ETC. NOTE | |
| Bibliography, etc. note | Ծանոթագր.՝ էջ 204-221 ; Բառարան՝ էջ 222-230 |
| 546 ## - LANGUAGE NOTE | |
| Language note | Բնագիրը զուգ.՝ հայ. և ռուս. |
| 650 14 - SUBJECT ADDED ENTRY--TOPICAL TERM | |
| Topical term or geographic name entry element | Հայ գրականություն |
| General subdivision | Երգարան |
| 700 ## - ADDED ENTRY--PERSONAL NAME | |
| Personal name | Բրուտյան, Արամ |
| Relator term | առաջ., խմբ., |
| Relationship | aui, edt |
| Withdrawn status | Lost status | Damaged status | Not for loan | Collection | Home library | Current library | Date acquired | Total checkouts | Full call number | Barcode | Date last seen | Price effective from | Koha item type | Public note |
|---|---|---|---|---|---|---|---|---|---|---|---|---|---|---|
| General | Fundamental Scientific Library | Fundamental Scientific Library | 22/12/2016 | AIII/5718 | FL0075747 | 22/12/2016 | 22/12/2016 | Գրքեր / Books | 30 Days Loan | |||||
| General | Fundamental Scientific Library | Fundamental Scientific Library | 22/12/2016 | AIII/5728 | FL0075763 | 22/12/2016 | 22/12/2016 | Գրքեր / Books | 30 Days Loan |
ՀՀ Գիտությունների ազգային ակադեմիայի հիմնարար գիտական գրադարան = Fundamental Scientific Library of NAS RA
All site content, except where otherwise noted, is licensed under a